Quick And Easy Quilts 20 Stylish Projects For Fast Result (Record no. 587626)

000 -LEADER
fixed length control field 00370nam a22001337a 4500
020 ## - INTERNATIONAL STANDARD BOOK NUMBER
International Standard Book Number 9780753720608
040 ## - CATALOGING SOURCE
Transcribing agency NUST
082 ## - DEWEY DECIMAL CLASSIFICATION NUMBER
Classification number 746.46 DOB
100 ## - MAIN ENTRY--PERSONAL NAME
Personal name Dobson, Jenni
9 (RLIN) 88455
245 ## - TITLE STATEMENT
Title Quick And Easy Quilts 20 Stylish Projects For Fast Result
260 ## - PUBLICATION, DISTRIBUTION, ETC.
Place of publication, distribution, etc. LONDON:
Name of publisher, distributor, etc. Octopus Publishing Group,
Date of publication, distribution, etc. 2006.
650 ## - SUBJECT ADDED ENTRY--TOPICAL TERM
Topical term or geographic name entry element Quilts -- Patterns
9 (RLIN) 88456
942 ## - ADDED ENTRY ELEMENTS (KOHA)
Source of classification or shelving scheme
Koha item type Book
Holdings
Withdrawn status Lost status Source of classification or shelving scheme Damaged status Not for loan Permanent Location Current Location Shelving location Date acquired Total Checkouts Full call number Barcode Date last seen Price effective from Koha item type
          College of Electrical & Mechanical Engineering (CEME) College of Electrical & Mechanical Engineering (CEME) General Stacks 01/17/2022   746.46 DOB CEME-50563 01/17/2022 01/17/2022 Book
© 2023 Central Library, National University of Sciences and Technology. All Rights Reserved.